[Event "Solingen op-B"]
[Site "Solingen"]
[Date "2005.05.26"]
[Round "2"]
[White "Skiber, Friedrich"]
[Black "Zaika, Alexey"]
[Result "0-1"]
[WhiteElo "1628"]
[BlackElo "1927"]
[PlyCount "38"]
[EventDate "2005.05.26"]
[EventType "swiss"]
[EventRounds "7"]
[EventCountry "GER"]
[SourceTitle "EXT 2006"]
[Source "ChessBase"]
[SourceDate "2005.11.24"]
[SourceVersion "1"]
[SourceVersionDate "2005.11.24"]
[SourceQuality "1"]

1. e4 d6 2. Nc3 c5 3. Nf3 Nc6 4. d4 cxd4 5. Nxd4 e5 6. Nb3 f5 7. Bd3 fxe4 8. Bxe4 Be6 9. Nd5 Nf6 10. Bg5 Be7 11. Nxe7 Qxe7 12. Qh5+ Nxh5 13. Bxe7 Kxe7 14. 0-0-0 Nf6 15. Bd3 Nb4 16. a3 Nxd3+ 17. Rxd3 Rac8 18. Rhd1 Rc6 19. Nd2 Bf5 0-1